000 00263nam a22001217a 4500
003 SGT
082 _a618.2
_bE15S
100 _aSESHADRI, LAKSHMI
245 _aESSENTIALS OF OBSTETRICS
260 _aINDIA
_bWOLTERS
_c2015
300 _a930
942 _2ddc
_cBK
_019
999 _c14983
_d14983